[Event "2.BLS 0506 SG Turm Trier - Bad Mergenth"]
[Site "?"]
[Date "2006.01.15"]
[Round "5.7"]
[White "Schmidt-Schaeffer, Sebastian"]
[Black "Kolbus, Dietmar"]
[Result "1-0"]
[WhiteElo "2325"]
[BlackElo "2413"]
[PlyCount "71"]
[EventDate "2006.??.??"]

1. e4 c5 2. Nf3 d6 3. d4 cxd4 4. Nxd4 Nf6 5. Nc3 a6 6. Bg5 Nbd7 7. f4 Qc7 8.
Qf3 b5 9. O-O-O Bb7 10. Bd3 g6 11. Rhe1 Bg7 12. h3 O-O 13. Qe3 Nb6 14. f5 b4
15. Nce2 Nc4 16. Bxc4 Qxc4 17. Bxf6 Bxf6 18. Kb1 Rfc8 19. g4 a5 20. g5 Be5 21.
h4 a4 22. h5 gxf5 23. exf5 Bd5 24. b3 Qa6 25. Rd2 Rc5 26. g6 hxg6 27. hxg6 fxg6
28. fxg6 e6 29. Nc1 Ra5 30. Qh3 Qa7 31. Rxe5 dxe5 32. Rh2 Qg7 33. Nxe6 Qxg6 34.
Nc7 Bc6 35. Qh8+ Kf7 36. Rh7+ 1-0

[Event "2.BLS 0506 SG Turm Trier - Bad Mergenth"]
[Site "?"]
[Date "2006.01.15"]
[Round "5.8"]
[White "Niklasch, Oliver"]
[Black "Hauke, Christian"]
[Result "1-0"]
[WhiteElo "2405"]
[BlackElo "2267"]
[PlyCount "45"]
[EventDate "2006.??.??"]

1. d4 Nf6 2. c4 e6 3. Nc3 Bb4 4. e3 b6 5. Nge2 Ba6 6. Ng3 O-O 7. e4 Bxc3+ 8.
bxc3 d6 9. Bg5 h6 10. h4 Nbd7 11. f4 e5 12. fxe5 dxe5 13. Qf3 Qe8 14. O-O-O Nh7
15. Nf5 f6 16. Bxh6 g6 17. Qg4 Kf7 18. Ng7 Qe7 19. c5 Bxf1 20. h5 Ng5 21. hxg6+
Kg8 22. Nf5 Qe8 23. Bxg5 1-0

[Event "2.BLS 0506 Bayern München - Heidelberg "]
[Site "?"]
[Date "2006.01.15"]
[Round "5.1"]
[White "Ikonnikov, Viacheslav"]
[Black "Heinzel, Olaf"]
[Result "1-0"]
[WhiteElo "2566"]
[BlackElo "2401"]
[PlyCount "115"]
[EventDate "2006.??.??"]

1. d4 Nf6 2. Nf3 e6 3. c4 b6 4. g3 Bb7 5. Bg2 Be7 6. O-O O-O 7. Nc3 Ne4 8. Bd2
d5 9. Ne5 Nd7 10. Nxe4 dxe4 11. Qc2 c5 12. Nxd7 Qxd7 13. dxc5 Bxc5 14. b4 e3
15. fxe3 Bxg2 16. Kxg2 Qc6+ 17. Kg1 Be7 18. Rfd1 h5 19. Be1 h4 20. gxh4 f5 21.
c5 bxc5 22. Qc4 Rf6 23. Bg3 Rg6 24. h5 Rg4 25. Rd4 Bg5 26. Rxg4 Bxe3+ 27. Bf2
Bxf2+ 28. Kxf2 fxg4 29. Kg1 g3 30. hxg3 Qd6 31. Qg4 Rf8 32. h6 Rf7 33. Rf1
Rxf1+ 34. Kxf1 Qf8+ 35. Kg2 cxb4 36. Qxe6+ Kh7 37. hxg7 Qa8+ 38. Kf2 Kxg7 39.
Qe7+ Kg6 40. Qxb4 Qd5 41. Qg4+ Kf6 42. a4 a5 43. Qf4+ Kg6 44. g4 Qc5+ 45. Kg2
Qc6+ 46. Kh2 Qb6 47. Qe4+ Kg7 48. Kg2 Qc5 49. e3 Qb4 50. Kf3 Qe1 51. g5 Qh1+
52. Kf4 Qh2+ 53. Kf5 Qf2+ 54. Ke5 Qf7 55. Qc6 Qe7+ 56. Kf5 Qa7 57. Qf6+ Kg8 58.
Qd8+ 1-0

[Event "2.BLS 0506 Bayern München - Heidelberg "]
[Site "?"]
[Date "2006.01.15"]
[Round "5.2"]
[White "Renner, Christoph"]
[Black "Schwalfenberg, Joerg"]
[Result "1-0"]
[WhiteElo "2447"]
[BlackElo "2335"]
[PlyCount "71"]
[EventDate "2006.??.??"]

1. c4 c5 2. Nc3 Nc6 3. Nf3 g6 4. e3 Bg7 5. d4 cxd4 6. exd4 d6 7. d5 Ne5 8. Nxe5
Bxe5 9. Be2 h5 10. Be3 Nh6 11. Bd4 f6 12. O-O Nf5 13. Bxe5 fxe5 14. Bd3 Qb6 15.
Qd2 Bd7 16. b4 Qd4 17. Ne2 Qg4 18. f3 Qh4 19. f4 Qf6 20. fxe5 Qxe5 21. Bxf5
gxf5 22. Nf4 Qf6 23. Qe3 a5 24. Qb6 axb4 25. Qxb7 Qd4+ 26. Kh1 Ra7 27. Qxb4 Ra4
28. Qb3 Rxc4 29. Rae1 Qc3 30. Qb8+ Kf7 31. Qa7 Rxf4 32. Qxd7 Rxf1+ 33. Rxf1 Rh6
34. Qxf5+ Rf6 35. Qxh5+ Kg8 36. Qe8+ 1-0

[Event "2.BLS 0506 Bayern München - Heidelberg "]
[Site "?"]
[Date "2006.01.15"]
[Round "5.3"]
[White "Roos, Jean-Luc"]
[Black "Reiss, Tibor"]
[Result "0-1"]
[WhiteElo "2294"]
[BlackElo "2396"]
[PlyCount "138"]
[EventDate "2006.??.??"]

1. d4 d5 2. c4 c6 3. Nf3 Nf6 4. Qc2 dxc4 5. Qxc4 Bf5 6. g3 e6 7. Bg2 Be7 8. O-O
Nbd7 9. Nc3 O-O 10. Re1 Ne4 11. Be3 Nxc3 12. bxc3 Be4 13. Qb3 c5 14. Rad1 Qc8
15. Bg5 Nf6 16. Ne5 Bxg2 17. Kxg2 h6 18. Bc1 Qc7 19. e4 Rfd8 20. Nf3 cxd4 21.
cxd4 Rac8 22. Bf4 Qb6 23. Qxb6 axb6 24. Rb1 g5 25. Be3 Nxe4 26. Rxb6 Nd6 27. h4
gxh4 28. gxh4 h5 29. Bf4 Nf5 30. Rxb7 Rc2 31. Bg5 f6 32. Bf4 Kf7 33. a4 Rg8+
34. Kf1 Rg4 35. Rc1 Ra2 36. Be3 Kg6 37. Rcc7 Bd6 38. Rd7 Bf4 39. Bxf4 Rxf4 40.
Rd8 Ne3+ 41. fxe3 Rxf3+ 42. Kg1 Rxe3 43. Rg8+ Kf5 44. Rb1 Rf3 45. Rb5+ Kf4 46.
Rb4 Rd3 47. Rg2 Rxg2+ 48. Kxg2 Ke4 49. Rb6 Kd5 50. a5 Rxd4 51. Rb5+ Ke4 52.
Rxh5 f5 53. Rh6 Ke5 54. Rh8 Ra4 55. Ra8 Rxh4 56. a6 Ra4 57. a7 Ra3 58. Kf2 f4
59. Ke2 Ke4 60. Re8 Ra2+ 61. Ke1 Rxa7 62. Rxe6+ Kf3 63. Rg6 Ra1+ 64. Kd2 Kf2
65. Rf6 f3 66. Rf8 Kg2 67. Rg8+ Kf1 68. Rf8 f2 69. Rf7 Ra5 0-1

[Event "2.BLS 0506 Bayern München - Heidelberg "]
[Site "?"]
[Date "2006.01.15"]
[Round "5.4"]
[White "Meissner, Bernd-Guenther"]
[Black "Postojev, Alexander"]
[Result "1-0"]
[WhiteElo "2357"]
[BlackElo "2256"]
[PlyCount "81"]
[EventDate "2006.??.??"]

1. d4 c5 2. d5 d6 3. e4 g6 4. h3 Bg7 5. Nf3 Nf6 6. Nc3 O-O 7. Be2 b5 8. Nd2 a6
9. O-O e6 10. Bf3 exd5 11. Nxd5 Nxd5 12. exd5 Nd7 13. Ne4 Ne5 14. Bg5 f6 15.
Bc1 h6 16. Be2 f5 17. Nd2 f4 18. Nf3 Ra7 19. c3 Nxf3+ 20. Bxf3 Be5 21. Bd2 Rg7
22. a4 Qh4 23. axb5 axb5 24. Ra8 g5 25. Qe2 g4 26. hxg4 h5 27. g5 Rxg5 28. Rfa1
Rxg2+ 29. Kxg2 Qh3+ 30. Kg1 Kh8 31. Rxc8 Rxc8 32. Bg2 Rg8 33. f3 b4 34. Ra8 Qg3
35. Rxg8+ Kxg8 36. Be1 Qg7 37. Kf1 Kf8 38. cxb4 cxb4 39. Qb5 Bxb2 40. Qb8+ Kf7
41. Qc7+ 1-0

[Event "2.BLS 0506 Bayern München - Heidelberg "]
[Site "?"]
[Date "2006.01.15"]
[Round "5.5"]
[White "Nippgen, Georg"]
[Black "Rodewis, Thomas Dr"]
[Result "0-1"]
[WhiteElo "2258"]
[BlackElo "2377"]
[PlyCount "108"]
[EventDate "2006.??.??"]

1. Nf3 Nf6 2. b3 d5 3. Bb2 Bg4 4. e3 Nbd7 5. h3 Bh5 6. d3 c6 7. g4 Bg6 8. Nh4
e5 9. Nd2 Bb4 10. Nxg6 hxg6 11. a3 Ba5 12. Qf3 e4 13. Qg2 exd3 14. Bxd3 Nc5 15.
O-O-O Nxd3+ 16. cxd3 Qe7 17. g5 Nd7 18. Nf3 Bc7 19. Kb1 O-O-O 20. Ka2 Ne5 21.
Nd4 Rh5 22. f4 Nd7 23. Nc2 Rh7 24. h4 Kb8 25. Rh3 Qe6 26. Rdh1 Nb6 27. Nd4 Qe8
28. Nf3 c5 29. Ne5 Ka8 30. Qe2 c4 31. dxc4 Bxe5 32. Bxe5 dxc4 33. bxc4 Rc8 34.
Bd4 Nxc4 35. Qg4 Nd6 36. R3h2 Nf5 37. Qd1 Rh8 38. Qb3 Nxd4 39. exd4 Qd7 40. Rb2
Rc6 41. Rhb1 Rb6 42. Qc4 Rc8 43. Qd3 Qd5+ 44. Ka1 Rxb2 45. Kxb2 Rc4 46. Re1 a5
47. Re8+ Ka7 48. Rd8 Qg2+ 49. Kb1 Qg1+ 50. Ka2 Qc1 51. Rd5 Rc2+ 52. Kb3 Rb2+
53. Ka4 Qc6+ 54. Rb5 Ka6 0-1

[Event "2.BLS 0506 Bayern München - Heidelberg "]
[Site "?"]
[Date "2006.01.15"]
[Round "5.6"]
[White "Lentrodt, Thomas"]
[Black "Neunhoeffer, Helmut Dr"]
[Result "1/2-1/2"]
[WhiteElo "2312"]
[BlackElo "2308"]
[PlyCount "90"]
[EventDate "2006.??.??"]

1. Nf3 d5 2. d4 Nf6 3. c4 e6 4. Nc3 Bb4 5. e3 O-O 6. Bd3 c5 7. O-O Nc6 8. a3
Bxc3 9. bxc3 dxc4 10. Bxc4 Qc7 11. Qc2 Bd7 12. Bd2 Rac8 13. Rfc1 Na5 14. Be2
cxd4 15. exd4 Nc4 16. Bg5 Nd5 17. Bxc4 Qxc4 18. Ne5 Qa4 19. Nxd7 Qxd7 20. Qb3
h6 21. Bd2 Nb6 22. c4 Qxd4 23. Be3 Qd8 24. Rab1 {(=)} Rc7 25. Bxb6 axb6 26.
Qxb6 Qc8 27. h3 Rd8 28. a4 Rd2 29. a5 Qd7 30. Rb2 Rd1+ 31. Rxd1 Qxd1+ 32. Kh2
Rd7 33. a6 bxa6 34. Qxa6 Qd4 35. Re2 Kh7 36. Qc6 g6 37. Qe4 Qd6+ 38. Qe5 Qxe5+
39. Rxe5 {(=)} Rc7 40. Re4 Rc6 41. f4 Kg7 42. Kg3 g5 43. Kf3 f5 44. Rd4 Kf6 45.
g3 gxf4 {(=)} 1/2-1/2

[Event "2.BLS 0506 Bayern München - Heidelberg "]
[Site "?"]
[Date "2006.01.15"]
[Round "5.7"]
[White "Syska, Albert"]
[Black "Deglmann, Ludwig"]
[Result "1-0"]
[WhiteElo "2230"]
[BlackElo "2378"]
[PlyCount "100"]
[EventDate "2006.??.??"]

1. e4 e6 2. d4 d5 3. Nc3 Bb4 4. e5 Ne7 5. a3 Bxc3+ 6. bxc3 c5 7. Nf3 Bd7 8. a4
Qa5 9. Bd2 Nbc6 10. h4 f6 11. g3 fxe5 12. Nxe5 Nxe5 13. dxe5 Qc7 14. Qh5+ Ng6
15. f4 O-O 16. Bd3 Be8 17. Qg4 c4 18. Be2 Qf7 19. Be3 Bc6 20. O-O Ne7 21. Bc5
Nf5 22. Qh3 h5 23. g4 hxg4 24. Bxg4 Qg6 25. Kh2 Rf7 26. a5 a6 27. Rf2 d4 28.
Bxd4 Bd5 29. Bb6 Qh6 30. Rd1 Be4 31. Rd8+ Rf8 32. Rdd2 Rad8 33. h5 Kh8 34. Bc5
Rf7 35. Bb6 Bc6 36. Bxd8 Ne7 37. Bxe7 Rxe7 38. Rd4 Bd5 39. Qg3 g6 40. Qh4 gxh5
41. Bh3 Rf7 42. f5 Qe3 43. Rxd5 exd5 44. Qxh5+ Kg8 45. Rg2+ Kf8 46. Qh8+ Ke7
47. Qh4+ Kf8 48. e6 Qe5+ 49. Kh1 Qf6 50. Qh5 Rg7 1-0

[Event "2.BLS 0506 Bayern München - Heidelberg "]
[Site "?"]
[Date "2006.01.15"]
[Round "5.8"]
[White "Unzicker, Ferdinand Dr"]
[Black "Kindsvogel, Robert"]
[Result "0-1"]
[WhiteElo "2256"]
[BlackElo "2299"]
[PlyCount "98"]
[EventDate "2006.??.??"]

1. d4 d5 2. Nf3 Nf6 3. c4 dxc4 4. e3 Bg4 5. Bxc4 e6 6. O-O Nbd7 7. Nc3 Be7 8.
e4 O-O 9. Be2 c6 10. Be3 Re8 11. Qa4 Qb8 12. Rfd1 Bh5 13. h3 Bg6 14. d5 exd5
15. exd5 Nb6 16. Bxb6 axb6 17. Qb3 Bc5 18. dxc6 bxc6 19. Qc4 Ne4 20. Nxe4 Rxe4
21. Qd3 Qg3 22. Rd2 Qxf2+ 23. Kh1 Bb4 24. Rf1 Qe3 25. Rc2 Ree8 26. Qxe3 Rxe3
27. Rc4 Bf8 28. Ng1 c5 29. a4 Rxe2 30. Nxe2 Bd3 31. Rc3 Bxe2 32. Re1 Bh5 33.
Rb3 Rxa4 34. Re8 f6 35. Rb8 Rb4 36. Ra3 Kf7 37. Rb7+ Ke6 38. Re3+ Kd5 39. b3
Kd4 40. Re1 Rxb3 41. Rd7+ Kc4 42. Rd8 Bg6 43. Rxf8 Rb1 44. Rxb1 Bxb1 45. Kg1 b5
46. Kf2 Kc3 47. Kf1 Bc2 48. Re8 c4 49. Re3+ Bd3+ 0-1

[Event "2.BLS 0506 OSC Baden Baden - Karlsruher"]
[Site "?"]
[Date "2006.01.15"]
[Round "5.1"]
[White "Delemarre, Jop"]
[Black "Schenk, Andreas"]
[Result "1-0"]
[WhiteElo "2433"]
[BlackElo "2497"]
[PlyCount "63"]
[EventDate "2006.??.??"]

1. d4 Nf6 2. c4 e6 3. Nf3 d5 4. Nc3 c6 5. e3 Nbd7 6. Bd3 dxc4 7. Bxc4 b5 8. Bd3
Bb7 9. e4 b4 10. Na4 c5 11. e5 Nd5 12. O-O cxd4 13. Re1 Be7 14. Nxd4 O-O 15.
Qh5 g6 16. Qe2 Qa5 17. Bb5 Nb8 18. Nb3 Qc7 19. Bh6 Rc8 20. Rac1 Qd8 21. Rxc8
Bxc8 22. Nac5 a6 23. Bc4 a5 24. Bxd5 exd5 25. e6 Nc6 26. exf7+ Kxf7 27. Nb7 Qd7
28. N3c5 Bxc5 29. Nxc5 Qd6 30. Qe8+ Kf6 31. Qh8+ Kf5 32. h3 1-0

[Event "2.BLS 0506 OSC Baden Baden - Karlsruher"]
[Site "?"]
[Date "2006.01.15"]
[Round "5.2"]
[White "Kachiani-Gersinska, Ketino"]
[Black "Gerstner, Wolfgang"]
[Result "1/2-1/2"]
[WhiteElo "2421"]
[BlackElo "2407"]
[PlyCount "86"]
[EventDate "2006.??.??"]

1. d4 d5 2. c4 c6 3. Nf3 Nf6 4. e3 Bg4 5. h3 Bxf3 6. Qxf3 e6 7. Nc3 Nbd7 8. Bd3
Bb4 9. O-O O-O 10. Qd1 Qe7 11. Qb3 Rab8 12. Bd2 Bd6 13. Rac1 Rfe8 14. Rfe1 dxc4
15. Qxc4 e5 16. a4 Nb6 17. Qb3 e4 18. Bb1 Bc7 19. Ne2 Nbd5 20. a5 a6 21. Ba2 h5
22. Rc5 Bd6 23. Rc4 Qe6 24. Qd1 Qf5 25. Ng3 Bxg3 26. fxg3 Qg5 27. Kh2 Re6 28.
Rc5 Nd7 29. Bxd5 cxd5 30. h4 Qe7 31. Rxd5 Nf6 32. Rg5 Ng4+ 33. Rxg4 hxg4 34.
Qxg4 Rd8 35. Rc1 Rg6 36. Qf4 Rc6 37. Rf1 Qe6 38. Bc3 Qg6 39. Qf5 Qxf5 40. Rxf5
g6 41. Re5 Re6 42. Rc5 Red6 43. g4 Rd5 {(=)} 1/2-1/2

[Event "2.BLS 0506 OSC Baden Baden - Karlsruher"]
[Site "?"]
[Date "2006.01.15"]
[Round "5.3"]
[White "Karst, Elmar"]
[Black "Netzer, Jean"]
[Result "1-0"]
[WhiteElo "2317"]
[BlackElo "2362"]
[PlyCount "61"]
[EventDate "2006.??.??"]

1. d4 d5 2. Nf3 Nf6 3. c4 c6 4. Nc3 dxc4 5. a4 Bf5 6. e3 e6 7. Bxc4 Nbd7 8. O-O
Bb4 9. Nh4 Bg6 10. Be2 Bxc3 11. Nxg6 hxg6 12. bxc3 Ne4 13. Qd3 Qh4 14. h3 Ng5
15. Rd1 Nf6 16. Bf1 Nfe4 17. Ra2 Rh5 18. Ba3 Nf3+ 19. gxf3 Rg5+ 20. Bg2 Qxh3
21. Qf1 O-O-O 22. fxe4 {(=)} Rh8 23. f4 Qh2+ 24. Kf2 Qg3+ 25. Ke2 Qxg2+ 26. Kd3
Qxa2 27. Ra1 Qb3 28. fxg5 b5 29. Bd6 c5 30. dxc5 Qc4+ 31. Kc2 1-0

[Event "2.BLS 0506 OSC Baden Baden - Karlsruher"]
[Site "?"]
[Date "2006.01.15"]
[Round "5.4"]
[White "Srokowski, Yaroslav Mihajlovic"]
[Black "Arnold, Lothar"]
[Result "1/2-1/2"]
[WhiteElo "2428"]
[BlackElo "2348"]
[PlyCount "49"]
[EventDate "2006.??.??"]

1. e4 e6 2. d4 d5 3. e5 c5 4. c3 Nc6 5. Nf3 Nge7 6. Na3 cxd4 7. cxd4 Nf5 8. Nc2
Qb6 9. Be2 Bd7 10. O-O Rc8 11. Kh1 Nb4 12. Nxb4 Qxb4 13. a4 Be7 14. Bd2 Qb6 15.
a5 Qd8 16. a6 b6 17. g4 Nh4 18. Nxh4 Bxh4 19. f4 Be7 20. f5 O-O 21. Bd3 f6 22.
Qe2 fxe5 23. dxe5 d4 24. h3 Rc5 25. Kg1 1/2-1/2

[Event "2.BLS 0506 OSC Baden Baden - Karlsruher"]
[Site "?"]
[Date "2006.01.15"]
[Round "5.5"]
[White "Werner, Clemens"]
[Black "Mutschnik, Illya"]
[Result "1/2-1/2"]
[WhiteElo "2282"]
[BlackElo "2414"]
[PlyCount "91"]
[EventDate "2006.??.??"]

1. e4 c5 2. c3 Nf6 3. e5 Nd5 4. g3 Nc6 5. Bg2 Qc7 6. f4 e6 7. Na3 a6 8. Nf3 d6
9. Qe2 dxe5 10. Nxe5 Nxe5 11. Qxe5 Qxe5+ 12. fxe5 Rb8 13. Nc2 Be7 14. c4 Nb6
15. b3 O-O 16. Bb2 Nd7 17. O-O b5 18. d3 Bb7 19. Bc3 Bd8 20. Rfe1 Bc7 21. Re2
Rfd8 22. Ne1 Nf8 23. Rd1 Ng6 24. Bxb7 Rxb7 25. Nf3 bxc4 26. bxc4 h6 27. Kf1 Ne7
28. Rb2 Rxb2 29. Bxb2 Nf5 30. Kf2 Ba5 31. g4 Ne7 32. Ba3 {(=)} Bb4 33. Bxb4
cxb4 34. a4 a5 35. Ke3 f6 36. exf6 gxf6 37. Ke4 Rc8 38. Nd2 Kf7 39. Rf1 Re8 40.
h3 f5+ 41. gxf5 Nxf5 42. Ke5 Ke7 43. Ne4 Rd8 44. Rg1 Rd4 45. Rg7+ Nxg7 46. Kxd4
1/2-1/2

[Event "2.BLS 0506 OSC Baden Baden - Karlsruher"]
[Site "?"]
[Date "2006.01.15"]
[Round "5.6"]
[White "Nill, Jessica"]
[Black "Bach, Edwin"]
[Result "0-1"]
[WhiteElo "2339"]
[BlackElo "2296"]
[PlyCount "80"]
[EventDate "2006.??.??"]

1. d4 d5 2. c4 c6 3. Nf3 Nf6 4. Nc3 e6 5. e3 Nbd7 6. Qc2 Bd6 7. b3 O-O 8. Bb2
Qe7 9. Be2 Re8 10. O-O b6 11. e4 Nxe4 12. Nxe4 dxe4 13. Qxe4 Bb7 14. Bd3 f5 15.
Qe2 c5 16. dxc5 Nxc5 17. Bc2 Qc7 18. h3 Ne4 19. Rad1 Rad8 20. a3 e5 21. b4 Qe7
22. Qe3 Kh8 23. Rfe1 h6 24. Ba4 Rf8 25. Bc2 Rfe8 26. Bb1 Rc8 27. Rc1 Ba8 28.
Red1 Red8 29. Bxe4 Bxe4 30. Nd2 Bc6 31. c5 bxc5 32. bxc5 Bc7 33. Nc4 f4 34. Qe1
Qg5 35. Qf1 e4 36. Nd6 Rf8 37. Kh2 e3 38. f3 Rb8 39. Qe2 Qg3+ 40. Kg1 Qf2+ 0-1

[Event "2.BLS 0506 OSC Baden Baden - Karlsruher"]
[Site "?"]
[Date "2006.01.15"]
[Round "5.7"]
[White "Duschek, Volker"]
[Black "Reefschlaeger, Helmut"]
[Result "0-1"]
[WhiteElo "2287"]
[BlackElo "2314"]
[PlyCount "98"]
[EventDate "2006.??.??"]

1. e4 e6 2. d4 d5 3. Nc3 Nc6 4. Nf3 Nf6 5. e5 Ne4 6. Bd3 Bb4 7. O-O Nxc3 8.
bxc3 Bxc3 9. Rb1 Bb4 10. Bb5 Be7 11. c3 Bd7 12. Bd3 Na5 13. Nd2 h5 14. Re1 Bc6
15. Qe2 Qd7 16. Nb3 Nxb3 17. axb3 a5 18. Be3 a4 19. bxa4 Rxa4 20. Ra1 g6 21.
Qc2 b6 22. Rab1 Kd8 23. c4 dxc4 24. Bxc4 Rxc4 25. Qxc4 Qd5 26. Qxd5+ Bxd5 27.
Rec1 Kd7 28. Ra1 b5 29. Ra7 Rc8 30. Ra5 b4 31. Bd2 b3 32. Rb5 Ra8 33. f3 Ra2
34. Bc3 Bg5 35. Re1 Rc2 36. Ba1 Bc1 37. Rc5 Rxc5 38. dxc5 b2 39. Bxb2 Bxb2 40.
Kf2 Bd4+ 41. Kg3 Bxc5 42. h4 Bb4 43. Rd1 c5 44. Kf4 c4 45. Ke3 Bc5+ 46. Kf4 c3
47. Rc1 Bd4 48. g4 Ke7 49. gxh5 gxh5 0-1

[Event "2.BLS 0506 OSC Baden Baden - Karlsruher"]
[Site "?"]
[Date "2006.01.15"]
[Round "5.8"]
[White "Borulya, Ekaterina"]
[Black "Schlager, Thomas"]
[Result "0-1"]
[WhiteElo "2286"]
[BlackElo "2297"]
[PlyCount "54"]
[EventDate "2006.??.??"]

1. e4 Nf6 2. e5 Nd5 3. d4 d6 4. c4 Nb6 5. exd6 cxd6 6. Nf3 g6 7. Nc3 Bg7 8. Be3
O-O 9. Rc1 Bg4 10. Be2 Nc6 11. d5 Bxf3 12. Bxf3 Ne5 13. b3 Nxf3+ 14. Qxf3 Nd7
15. O-O a6 16. Rfe1 b5 17. cxb5 Bxc3 18. Rxc3 axb5 19. Bg5 Rxa2 20. h3 Ne5 21.
Qe3 f6 22. Bh6 Re8 23. Rec1 Qa8 24. Qe4 Ra1 25. f4 Nf7 26. Qe6 Qa3 27. Qc8
Qxc1+ 0-1

[Event "2.BLS 0506 Heidelberg HSH - OSC Baden B"]
[Site "?"]
[Date "2006.01.29"]
[Round "6.1"]
[White "Schenk, Andreas"]
[Black "Schwalfenberg, Joerg"]
[Result "1-0"]
[WhiteElo "2497"]
[BlackElo "2335"]
[PlyCount "89"]
[EventDate "2006.??.??"]

1. d4 d5 2. c4 c6 3. Nf3 Nf6 4. e3 e6 5. Nc3 Nbd7 6. Bd3 Bd6 7. O-O dxc4 8.
Bxc4 O-O 9. e4 e5 10. Bg5 Qe7 11. Re1 Re8 12. d5 Nb6 13. Bb3 h6 14. Bh4 cxd5
15. exd5 Bf5 16. Nb5 Nbd7 17. Rc1 Nc5 18. Nfd4 Bg6 19. Bc2 e4 20. b4 Ncd7 21.
Nxd6 Qxd6 22. Bg3 Qxd5 23. Bb3 Qg5 24. Rc7 e3 25. f4 Qh5 26. Qxh5 Bxh5 27. Rxb7
Rab8 28. Rxb8 Rxb8 29. a3 Re8 30. Nf5 e2 31. Bf2 Ne4 32. Bd4 Ndf6 33. h3 Nd2
34. Ba4 Re4 35. Bxa7 Rxf4 36. Ng3 Nf3+ 37. gxf3 Rxf3 38. Bf2 Rxa3 39. Bc6 Rc3
40. b5 Bg6 41. Rxe2 h5 42. Rb2 Rc1+ 43. Kh2 h4 44. Ne2 Rf1 45. Bxh4 1-0

[Event "2.BLS 0506 Heidelberg HSH - OSC Baden B"]
[Site "?"]
[Date "2006.01.29"]
[Round "6.2"]
[White "Roos, Jean-Luc"]
[Black "Kachiani-Gersinska, Ketino"]
[Result "1/2-1/2"]
[WhiteElo "2294"]
[BlackElo "2421"]
[PlyCount "107"]
[EventDate "2006.??.??"]

1. d4 Nf6 2. c4 g6 3. Nf3 Bg7 4. g3 O-O 5. Bg2 d6 6. O-O Nbd7 7. Nc3 e5 8. e4
a6 9. Re1 Rb8 10. Nd5 exd4 11. Nxd4 c5 12. Nf3 Nxd5 13. cxd5 Re8 14. Qc2 b5 15.
Bf4 Qc7 16. Rac1 a5 17. Qd2 Qb6 18. h4 Bb7 19. h5 Nf6 20. hxg6 hxg6 21. Ng5 Nh5
22. Be3 Nf6 23. Bf3 Nd7 24. Kg2 Ne5 25. Be2 Nc4 26. Bxc4 bxc4 27. Rxc4 Qxb2 28.
Qxa5 Re7 29. Bc1 Qf6 30. Nf3 Ree8 31. Bf4 Qd8 32. Qd2 Ba8 33. Ra4 Rb2 34. Qd3
Bb7 35. Rb1 c4 36. Rxc4 Ba6 37. Rxb2 Bxc4 38. Qxc4 Bxb2 39. Qb4 Be5 40. Nxe5
dxe5 41. Be3 Kg7 42. a4 Qc8 43. Bb6 Rh8 44. Qb2 Qh3+ 45. Kf3 Qh1+ 46. Ke3 Qe1+
47. Kf3 Qd1+ 48. Ke3 Qe1+ 49. Kf3 Qd1+ 50. Ke3 f6 51. Qb4 Rh1 52. Ba5 Qc1+ 53.
Kf3 Qd1+ 54. Ke3 1/2-1/2

[Event "2.BLS 0506 Heidelberg HSH - OSC Baden B"]
[Site "?"]
[Date "2006.01.29"]
[Round "6.3"]
[White "Netzer, Jean"]
[Black "Postojev, Alexander"]
[Result "1/2-1/2"]
[WhiteElo "2362"]
[BlackElo "2256"]
[PlyCount "80"]
[EventDate "2006.??.??"]

1. e4 e6 2. d4 d5 3. Nd2 dxe4 4. Nxe4 Nd7 5. Bd3 Ngf6 6. Nf3 Nxe4 7. Bxe4 Nf6
8. Bg5 c5 9. Bxf6 Qxf6 10. Qd3 a6 11. O-O Be7 12. dxc5 Bxc5 13. Rad1 g6 14.
Bxb7 Bxb7 15. Qd7+ Kf8 16. Qxb7 Kg7 17. b3 a5 18. Qe4 a4 19. b4 Be7 20. b5 Qb2
21. Rd7 Bf6 22. Qxe6 Rhf8 23. Qd5 Rad8 24. Rxd8 Rxd8 25. Qc4 a3 26. g4 h6 27.
Re1 Rb8 28. Re3 Rxb5 29. h3 Rb4 30. Qc5 Rb5 31. Qxa3 Qxc2 32. Re8 Rc5 33. Kg2
Kh7 34. Qb4 Qc4 35. Qb6 Rc6 36. Qb7 Rc7 37. Qb8 Rc6 38. Qb7 Rc7 39. Qb8 Rc6 40.
Qb7 Rc7 1/2-1/2

[Event "2.BLS 0506 Heidelberg HSH - OSC Baden B"]
[Site "?"]
[Date "2006.01.29"]
[Round "6.4"]
[White "Nippgen, Georg"]
[Black "Srokowski, Yaroslav Mihajlovic"]
[Result "0-1"]
[WhiteElo "2258"]
[BlackElo "2428"]
[PlyCount "72"]
[EventDate "2006.??.??"]

1. Nf3 c5 2. b3 d6 3. g3 e5 4. Bg2 g6 5. c4 Bg7 6. Nc3 Nc6 7. O-O Nge7 8. Ne1
Be6 9. Nc2 d5 10. cxd5 Nxd5 11. Bb2 O-O 12. Rc1 b6 13. Ne3 Nde7 14. d3 Qd7 15.
Qd2 Rad8 16. Nc4 Bh3 17. Bxh3 Qxh3 18. Rfd1 Bh6 19. Ne3 f5 20. Qe1 f4 21. Nc4
f3 22. Qf1 Qxf1+ 23. Kxf1 Bxc1 24. Bxc1 fxe2+ 25. Nxe2 e4 26. Nf4 Rd7 27. Ne3
exd3 28. Rxd3 Rxd3 29. Nxd3 Rd8 30. Nf4 Nf5 31. Ned5 Nb4 32. Nc3 Nd3 33. Nxd3
Rxd3 34. Ne2 Rd1+ 35. Kg2 Nd4 36. Nxd4 cxd4 0-1

[Event "2.BLS 0506 Heidelberg HSH - OSC Baden B"]
[Site "?"]
[Date "2006.01.29"]
[Round "6.5"]
[White "Mutschnik, Illya"]
[Black "Neunhoeffer, Helmut Dr"]
[Result "1-0"]
[WhiteElo "2414"]
[BlackElo "2308"]
[PlyCount "51"]
[EventDate "2006.??.??"]

1. e4 e5 2. Nf3 Nc6 3. d4 exd4 4. Nxd4 Bc5 5. Be3 Qf6 6. Nb5 Bxe3 7. fxe3 Qd8
8. Qg4 g6 9. Qf4 d6 10. Bc4 Be6 11. Bxe6 fxe6 12. O-O Nge7 13. N1c3 Kd7 14.
Rad1 Kc8 15. e5 Nxe5 16. Nxc7 Qxc7 17. Nb5 Qc5 18. Nxd6+ Kc7 19. Ne4 g5 20.
Qxg5 h6 21. Qf4 Qb5 22. c4 Qxb2 23. Rd2 N7g6 24. Qf7+ Nxf7 25. Rxf7+ Kc6 26.
Rd6# 1-0

[Event "2.BLS 0506 Heidelberg HSH - OSC Baden B"]
[Site "?"]
[Date "2006.01.29"]
[Round "6.6"]
[White "Syska, Albert"]
[Black "Nill, Jessica"]
[Result "1/2-1/2"]
[WhiteElo "2230"]
[BlackElo "2339"]
[PlyCount "85"]
[EventDate "2006.??.??"]

1. e4 c5 2. Nf3 e6 3. d4 cxd4 4. Nxd4 Nc6 5. Nxc6 bxc6 6. Bd3 Nf6 7. O-O d5 8.
Nc3 Be7 9. Bf4 O-O 10. Qf3 Bb7 11. Qh3 g6 12. Rfe1 d4 13. Nb1 e5 14. Bg5 Nh5
15. Bh6 Re8 16. Nd2 Bc8 17. Qf3 Bg5 18. Bxg5 Qxg5 19. Bc4 Rf8 20. Nf1 Nf4 21.
Qg3 Qe7 22. Nd2 Kg7 23. Bf1 h5 24. Nf3 c5 25. Kh1 Rb8 26. b3 Rh8 27. h4 Rb6 28.
Qh2 f6 29. g3 Ne6 30. Nd2 Nd8 31. Nc4 Rb8 32. f3 Nf7 33. Qd2 Be6 34. Na5 Qd7
35. c3 Bh3 36. Bc4 Nd6 37. Bd5 Rhc8 38. cxd4 cxd4 39. Rac1 Rxc1 40. Rxc1 Rc8
41. Bc6 Qd8 42. b4 Be6 43. Rc5 1/2-1/2

[Event "2.BLS 0506 Heidelberg HSH - OSC Baden B"]
[Site "?"]
[Date "2006.01.29"]
[Round "6.7"]
[White "Reefschlaeger, Helmut"]
[Black "Kindsvogel, Robert"]
[Result "1-0"]
[WhiteElo "2314"]
[BlackElo "2299"]
[PlyCount "103"]
[EventDate "2006.??.??"]

1. d4 d5 2. c4 dxc4 3. Nf3 Nf6 4. g3 e6 5. Bg2 Be7 6. O-O O-O 7. Qc2 a6 8. a4
Nc6 9. Qxc4 Qd5 10. Qxd5 Nxd5 11. Nc3 Ndb4 12. Bf4 Bd6 13. Rfd1 Bxf4 14. gxf4
Rd8 15. e3 Bd7 16. Ne5 Be8 17. Nxc6 Nxc6 18. d5 Na5 19. b4 Nc4 20. dxe6 fxe6
21. Bxb7 Rxd1+ 22. Rxd1 Ra7 23. Bf3 Nd6 24. a5 Kf8 25. Rc1 Ke7 26. Ne4 Nxe4 27.
Bxe4 h6 28. h4 Bb5 29. Rc2 Kd6 30. f3 c6 31. Rg2 Re7 32. Rd2+ Kc7 33. Kf2 Re8
34. f5 exf5 35. Bxf5 Re7 36. e4 c5 37. Rc2 c4 38. Ke3 Re8 39. Bh3 Kd6 40. Bf1
Rc8 41. Kd4 Rf8 42. Bxc4 Bxc4 43. Rxc4 Rxf3 44. e5+ Kd7 45. Kd5 g5 46. hxg5
hxg5 47. e6+ Ke7 48. Rc7+ Ke8 49. Rg7 Rd3+ 50. Kc5 Rc3+ 51. Kd6 Rd3+ 52. Ke5
1-0

[Event "2.BLS 0506 Heidelberg HSH - OSC Baden B"]
[Site "?"]
[Date "2006.01.29"]
[Round "6.8"]
[White "Richter, Georg"]
[Black "Tammert, Iamze"]
[Result "1-0"]
[WhiteElo "2243"]
[BlackElo "2270"]
[PlyCount "71"]
[EventDate "2006.??.??"]

1. e4 g6 2. d4 Bg7 3. Nf3 c6 4. Nc3 d5 5. exd5 cxd5 6. Bf4 Nf6 7. h3 O-O 8. Bd3
Nc6 9. O-O Nb4 10. Re1 a6 11. Bf1 Bf5 12. Rc1 Rc8 13. a3 Nc6 14. Na4 Ne4 15. g4
Be6 16. c4 g5 17. Bh2 f5 18. Nc5 Nxc5 19. dxc5 fxg4 20. Nxg5 g3 21. Bxg3 Bf5
22. cxd5 Nd4 23. Be5 e6 24. h4 Qxd5 25. Bc4 Qd8 26. Bxg7 Kxg7 27. Re5 Rc6 28.
Bd5 exd5 29. Qxd4 Qf6 30. Rc3 h6 31. Rg3 hxg5 32. hxg5 Qg6 33. Rxf5+ Kg8 34.
Qxd5+ Kg7 35. Rxf8 Kxf8 36. Rf3+ 1-0